000 00447 a2200145 4500
999 _c4160
_d4160
020 _a9780674036222
050 _aN 7380 SPR 2009
100 _aSpring, Chris
_eauthor
245 _aAfrican art in detail /
_cChris Spring
264 _aU.S.A.:
_bHarvard University Press,
_c2009
300 _a144p.:
_bill.(col.)
500 _aIncludes bibliographical references and index
650 _aArt, African-themes, motives
942 _2lcc
_cBK
_h7380
_iSPR
_kN